Office market (Record no. 26577)
[ view plain ]
| 000 -LEADER | |
|---|---|
| fixed length control field | 00908cab a2200313 4500 |
| 001 - CONTROL NUMBER | |
| control field | ABS43325 |
| 008 - FIXED-LENGTH DATA ELEMENTS--GENERAL INFORMATION | |
| fixed length control field | 090401t1990 xxu||||| |||| 00| 0 eng d |
| 035 ## - SYSTEM CONTROL NUMBER | |
| System control number | (Sirsi) u41348 |
| 041 ## - LANGUAGE CODE | |
| Language code of text/sound track or separate title | eng |
| 245 ## - TITLE STATEMENT | |
| Title | Office market |
| 260 ## - PUBLICATION, DISTRIBUTION, ETC. | |
| Date of publication, distribution, etc. | 1990 |
| 350 ## - PRICE (NR) (BK AM CF MU VM SE) [OBSOLETE] | |
| Price | 0 |
| 490 ## - SERIES STATEMENT | |
| Series statement | Estates Times |
| Volume/sequential designation | supplement 20 September 1990, 1-115(48) LOAN |
| 520 ## - SUMMARY, ETC. | |
| Summary, etc. | An Estates Times survey on the office market which examines performance and trends before looking in more detail at specific areas, including the City , West End and regional developments. |
| 650 ## - SUBJECT ADDED ENTRY--TOPICAL TERM | |
| Topical term or geographic name entry element | AVON |
| 650 ## - SUBJECT ADDED ENTRY--TOPICAL TERM | |
| Topical term or geographic name entry element | FUNDING |
| 650 ## - SUBJECT ADDED ENTRY--TOPICAL TERM | |
| Topical term or geographic name entry element | INVESTMENT |
| 650 ## - SUBJECT ADDED ENTRY--TOPICAL TERM | |
| Topical term or geographic name entry element | LONDON |
| 650 ## - SUBJECT ADDED ENTRY--TOPICAL TERM | |
| Topical term or geographic name entry element | M27 |
| 650 ## - SUBJECT ADDED ENTRY--TOPICAL TERM | |
| Topical term or geographic name entry element | NEWCASTLE |
| 650 ## - SUBJECT ADDED ENTRY--TOPICAL TERM | |
| Topical term or geographic name entry element | OVERSEAS |
| 650 ## - SUBJECT ADDED ENTRY--TOPICAL TERM | |
| Topical term or geographic name entry element | RELOCATION |
| 650 ## - SUBJECT ADDED ENTRY--TOPICAL TERM | |
| Topical term or geographic name entry element | SUPPLY AND DEMAND |
| 650 ## - SUBJECT ADDED ENTRY--TOPICAL TERM | |
| Topical term or geographic name entry element | WEST MIDLANDS |
| 650 ## - SUBJECT ADDED ENTRY--TOPICAL TERM | |
| Topical term or geographic name entry element | WEST YORKSHIRE |
| 690 ## - LOCAL SUBJECT ADDED ENTRY--TOPICAL TERM (OCLC, RLIN) | |
| Topical term or geographic name as entry element | PROPERTY-COMMERCIAL PROPERTY |
| 942 ## - ADDED ENTRY ELEMENTS (KOHA) | |
| Suppress in OPAC | 0 |
| 948 ## - LOCAL PROCESSING INFORMATION (OCLC); SERIES PART DESIGNATOR (RLIN) | |
| c (OCLC) | 04/03/1997 |
| Withdrawn status | Lost status | Source of classification or shelving scheme | Damaged status | Not for loan | Home library | Current library | Shelving location | Date acquired | Total Checkouts | Full call number | Barcode | Date last seen | Copy number | Price effective from | Koha item type |
|---|---|---|---|---|---|---|---|---|---|---|---|---|---|---|---|
| Dewey Decimal Classification | London | London | Journal article | 09/01/1992 | ABS43325 | 30032105 | 06/08/2019 | 1 | 06/08/2019 | Journal article | |||||
| Dewey Decimal Classification | London | London | Journal article | 09/01/1992 | ABS43325 | 30032109 | 06/08/2019 | 2 | 06/08/2019 | Journal article | |||||
| Dewey Decimal Classification | London | London | Journal article | 02/10/1992 | ABS43325 | 30034240 | 06/08/2019 | 3 | 06/08/2019 | Journal article |